International Encyclopedia of Robotics : Applications and Automation: Volume 2

Gespeichert in:
Bibliographische Detailangaben
Hauptverfasser: Dorf, Richard C (Verfasst von), Nof, Shimon Y. (Verfasst von)
Format: Buch
Sprache:Englisch
Veröffentlicht: New York : Wiley-Interscience, 1988
Schlagworte:
Tags: Tag hinzufügen
Keine Tags, Fügen Sie das erste Tag hinzu!

MARC

LEADER 00000nam a22000003a 4500
001 stu84232
005 20190206124109.3
008 040224s1988----xxu-----------------eng-d
020 |a 0-471-63513-8 
040 |a STU  |b slo 
041 0 |a eng 
044 |a xxu 
080 |a 658.52.011.56  |7 stu_us_auth*stu8281 
100 1 |a Dorf, Richard C  |4 aut 
245 1 |a International Encyclopedia of Robotics :  |b Applications and Automation: Volume 2 
260 |a New York :  |b Wiley-Interscience,  |c 1988 
300 |a 652 s 
650 7 |a automatizácia výroby  |2 stusub 
700 1 |a Nof, Shimon Y.  |4 aut 
996 |b 284J016682  |c J*80857  |l JJST  |s P  |a 0  |w stu84232_0001